000 00719nam a2200289Ia 4500
005 20260324135845.0
008 008 260324s9999 xx 000 0 eng d
020 _a9781315786490
037 _aEBOOK
040 _aCRL
040 _beng
040 _cCRL
041 _2eng
041 _aeng
084 _qCRL
100 _aDavid Lonergan; William E Studwell
_91202178
245 4 _aThe Classic Rock and Roll Reader
245 0 _bRock Music from Its Beginnings to the Mid-1970s
260 _bTaylor and Francis
260 _c1999
365 _a
365 _b230
856 _uhttp://www.taylorfrancis.com/books/9781315786490
942 _cEBOOK
999 _c1803682
_d1803682